000 00308nam a2200109 a 4500
005 20140414131946.0
008 110201s19uu xx 00 eng d
050 _aTR 371.307
_bN59 2001
100 _aNilsen, Anna
245 _aLet's learn words :
_ba fun flip activity book to play together.
999 _c112683
_d112683